| 000 | 00390nam a2200169Ia 4500 | ||
|---|---|---|---|
| 008 | 230524s9999 xx 000 0 und d | ||
| 082 |
_a620.1 _bRAM |
||
| 100 | _aS.Ramachandra | ||
| 245 | 0 | _aEngineering Mechanics | |
| 250 | _a4TH | ||
| 260 |
_aNEW DELHI _bTMH _c2004 |
||
| 300 | _aXV;872 | ||
| 500 | _aQuantity Number: 5 | ||
| 650 | _aMechanics | ||
| 700 | _a V.Gehlot | ||
| 942 | _cBK | ||
| 999 |
_c11473 _d11473 |
||